| 000 | 02271agaaa2200325 4500 | ||
|---|---|---|---|
| 001 | 5997 | ||
| 003 | IT-RoPAU | ||
| 005 | 20220918181252.0 | ||
| 007 | d cvaizq | ||
| 008 | 50131s9999||||xx ||| | || ||und|| | ||
| 040 |
_aIT-RoPAU _cIT-RoPAU |
||
| 041 | _aITALIANO | ||
| 100 |
_aScola Ettore _gCodice regista SPICS: 1407 _949500 |
||
| 130 |
_aFAMIGLIA (LA) _949501 |
||
| 245 |
_aFAMIGLIA (LA) _cProdotto da: Committeri Franco -- Sceneggiatura: Maccari Ruggero Scarpelli Furio Scola Ettore Diana Graziano -- Diretto da: Scola Ettore _pFAMIGLIA (LA) (Rif. Codice opera principale : H5997) |
||
| 250 | _aEdizione Standard | ||
| 260 |
_aROMA (ITALIA) _bMASSFILM CINECITTA' / Distribuzione: IL MESSAGGERO _g"1986 (1° ed.: 2005 ; Ed. Lingua Orig.: 1986)" |
||
| 300 |
_aDVD _bsonoro, col. _c127 minuti |
||
| 508 | _a"Fotografia: Aronovitch Ricardo; Montaggio: Malvestito Franco; Musica: Trovaioli Armando; Sceneggiatura: Maccari Ruggero Scarpelli Furio Scola Ettore Diana Graziano; Scenografia: Lo Fazio C. Ricceri ; Soggetto: Maccari Ruggero -- Scarpelli Furio" | ||
| 511 | _a"Gassman Vittorio; Sandrelli Stefania; Piccolo Ottavia; Perlini Meme'; Ardant Fanny" | ||
| 520 | _aI RICORDI DI CARLO, ANZIANO PROFESSORE D'ITALIANO IN PENSIONE, SI SVILUPPANO A PARTIRE DA UNA VECCHIA FOTO SCATTATA NEL 1906 E SCORRONO SULLO SCHERMOIN NOVE FLASHBACK DI UN DECENNIO CIASCUNO FINO AD ARRIVARE AL 1986. IN QUESTI RICORDI RIVIVONO I PERSONAGGI E LE VICENDE GENERAZIONALI DI UNA FAMIGLIA BORGHESE, NEL LORO SUCCEDERSI DIMESSO E QUOTIDIANO, UN MICROCOSMO RACCHIUSO TRA LE PARETI DI UN UNICO APPARTAMENTO. VINCITORE DI 6 NASTRI D'ARGENTO 1987 PER MIGLIOR FILM, MIGLIOR REGIA, MIGLIOR ATTORE, MIGLIORE SCENEGGIATURA, MIGLIOR MONTAGGIO, MIGLIOR COLONNA SONORA. CANDIDATO ALL'OSCAR COME MIGLIO R FILM STRANIERO 1987. | ||
| 538 | _aPAL, STEREO | ||
| 546 | _aITALIANO | ||
| 650 |
_aDRAMMATICO _eDVD-FILM [DVD] _xCodice MATERIA SPICS: 9947 _949502 |
||
| 700 |
_aMaccari Ruggero _e(soggetto) _gCodice Soggetto SPICS: 4397 _949503 |
||
| 700 |
_aScarpelli Furio _e(soggetto) _gCodice Soggetto 2° SPICS: 1529 _949504 |
||
| 700 |
_aScola Ettore _e(regista) _gCodice regista SPICS: 1407 _949505 |
||
| 700 |
_aTrovaioli Armando _e(musica) _gCodice Musica SPICS: 11182 _949506 |
||
| 942 |
_cDV _2ddc |
||
| 999 |
_c106931 _d106931 |
||